[Event "Moscow Botvinnik Memorial Cup"]
[Site "Moscow"]
[Date "2022.08.22"]
[Round "8.4"]
[White "Sharifov, Mekhriddin"]
[Black "Agamyradov, Vekil"]
[Result "1-0"]
[WhiteElo "2097"]
[BlackElo "1129"]
[PlyCount "89"]
[EventDate "2022.08.18"]
[EventType "team-tourn"]
[EventRounds "9"]
[EventCountry "RUS"]
[SourceTitle "CBM 209 Extra"]
[Source "ChessBase"]
[SourceDate "2022.09.30"]
[SourceVersion "1"]
[SourceVersionDate "2022.09.30"]
[SourceQuality "1"]
[WhiteTeam "Tajikistan"]
[BlackTeam "Turkmenistan"]
[WhiteTeamCountry "TJK"]
[BlackTeamCountry "TKM"]

1. e4 e5 2. f4 d5 3. Nf3 dxe4 4. Nxe5 Nd7 5. d4 exd3 6. Nxd3 Ngf6 7. Nc3 Be7 8. Bd2 0-0 9. Qf3 Nb6 10. Ne5 Bd6 11. 0-0-0 c6 12. Bd3 Qc7 13. Rde1 Nbd5 14. g4 b5 15. g5 Nd7 16. Nxd5 cxd5 17. Ng4 Kh8 18. Nf6 Nxf6 19. gxf6 g6 20. h4 Bd7 21. h5 Bf5 22. hxg6 fxg6 23. Bxf5 gxf5 24. Re7 Rf7 25. Rxc7 Bxc7 26. Qxd5 Raf8 27. Qxf5 Bd8 28. Bc3 b4 29. Be5 Bc7 30. Bd4 Bb6 31. Bxb6 axb6 32. Qg6 Rd7 33. Qe4 Rdf7 34. Rh6 Rg8 35. b3 b5 36. Kb2 Rgf8 37. Qxb4 Rb8 38. Rh5 Rc8 39. Rxb5 Rfc7 40. Qe4 Rxc2+ 41. Qxc2 Rxc2+ 42. Kxc2 Kg8 43. Rb7 h5 44. a4 h4 45. a5 1-0

[Event "Moscow Botvinnik Memorial Cup"]
[Site "Moscow"]
[Date "2022.08.20"]
[Round "5.2"]
[White "Agamyradov, Vekil"]
[Black "Abbasov, Farid"]
[Result "1/2-1/2"]
[WhiteElo "1129"]
[BlackElo "2487"]
[PlyCount "41"]
[EventDate "2022.08.18"]
[EventType "team-tourn"]
[EventRounds "9"]
[EventCountry "RUS"]
[SourceTitle "CBM 209 Extra"]
[Source "ChessBase"]
[SourceDate "2022.09.30"]
[SourceVersion "1"]
[SourceVersionDate "2022.09.30"]
[SourceQuality "1"]
[WhiteTeam "Turkmenistan"]
[BlackTeam "Azerbaijan"]
[WhiteTeamCountry "TKM"]
[BlackTeamCountry "AZE"]

1. e4 g6 2. d4 Bg7 3. Nf3 d6 4. Bc4 a6 5. h3 e6 6. 0-0 Nd7 7. Re1 Ne7 8. Nc3 b6 9. Bg5 h6 10. Bd2 Bb7 11. d5 e5 12. Nh2 0-0 13. f4 exf4 14. Bxf4 Ne5 15. Bd3 c6 16. Qd2 Kh7 17. Ng4 Nxg4 18. hxg4 cxd5 19. exd5 Nxd5 20. Nxd5 Bxd5 21. g5 1/2-1/2